000 00565nam a2200181Ia 4500
003 GCL
008 140319s9999 xx 000 0 ara d
040 _aGCL /
_cGCL
082 0 4 _a920.7
_bك ط
100 1 _aممدوح عدوان
245 1 0 _aالطريق الى غريكو (هدية من الاديب عبدالفتاح الجمل) /
_cممدوح عدوان
700 1 _aكازنتذاكى
300 _a302 ص
490 _aمذكرات كازنتذاكى
_v0
650 0 4 _aالتراجم الذاتية
650 0 4 _aكازنتذاكى
942 _2ddc
_cBK
999 _c40510
_d40510